00554nam a2200181Ia 4500003000900000008004100009040001600050080001600066100002000082245004500102260004400147300001400191490009400205650002300299650001900322650001100341650002000352IN-BaIIA211028s9999 xx 000 0 eng d cIIA Library a535.31bHER aHerzberger, Max 0aModern geometrical opticscM. Herzberger aNew YorkbInterscience Publishersc1958 axii,504p. aPure & Applied Mathematics : a Wiley-interscience series of texts, monographs & tracts, 8 aGeometrical Optics aNASA Thesaurus aOptics aPhysical Optics